000 00413nam a2200133Ia 4500
008 151001s9999||||xx |||||||||||||| ||und||
100 _aहरिश्चंद्र व्यास
245 _aबढती जनसंख्या बिगडता पर्यावरण
250 _a1
260 _bअरुण प्रकाशन
260 _c2001
300 _a126
365 _b21
999 _c978936
_d978933